000
00335nam a22001577a 4500
020
_a
978-81-7436-128-8
082
_a
643.3
_b
BOS
100
_a
BOSE, SUJIT
245
_a
BANGALI KITCHEN
250
_a
1ST
260
_a
DELHI
_b
LUSTER PRESS
_c
2013
300
_a
95
650
_a
COOKERY
653
_a
KITCHEN,BANGALI
942
_2
ddc
_c
BK
999
_c
8057
_d
8057